000 01176nam a22003497a 4500
003 CHAP
005 20220329134541.0
008 971013s1968 r 00010 d
010 _a22033
011 _a23005
035 _a27100
040 _cCHAP
082 _a595.754
_bC6
100 0 0 _aCobben, P. H.
_924164
245 _aEvolutionary trends in heteroptera
260 _aWageningen :
_bVeenman & Zonen,
_c1968-
300 _av.
_b: ilus.
490 _aMededelingen Landbouwhogeschool
500 _aLa biblioteca tiene: v.2 Mouthpart-structures and feeding strategies
590 _aBATCH-UPD
_b10
_c20130110
_lUCH01
_h0050
590 _aBATCH-UPD
_b10
_c20130110
_lUCH01
_h2142
590 _aBATCH-UPD
_b10
_c20130409
_lUCH01
_h2037
590 _aBATCH-UPD
_b10
_c20130410
_lUCH01
_h1451
590 _aBATCH-UPD
_b10
_c20130914
_lUCH01
_h1001
590 _aCONVERSION
_b10
_c20130109
_lUCH01
_h1313
650 1 4 _aHeterópteros
_xAnatomía y fisiología.
_955067
650 1 4 _aInsectos
_xEvolución.
_958920
830 0 _aMededelingen Landbouwhogeschool
_973858
901 _aBK
942 _cLIBRO
949 _a595.754 C6
_bBC
_cLIBRO
_d33724000369765
_eLIBRO
_h43678
_i27100
_mD
_si
999 _c22033
_d22033